Ancient Names/Modern Equivalents - Statistics

General Stats
  • This quiz has been taken 10 times
  • The average score is 7 of 51
Answer Stats
Hint Answer % Correct
Switzerland Helvetia
78%
Ireland Hibernia
67%
Portugal Lusitania
67%
France Gallia
56%
Spain Hispania
56%
Istanbul (Turkey) Byzantium
44%
Scotland Caledonia
44%
Bath (Britian) Aquae Sulis
33%
Cologne (Germany) Colonia Agrippina
33%
Budapest (Hungary) Aquincum
22%
Carthage (Tunisia) Carthago
22%
Tuscany (Italy) Etruria
22%
Paris (France) Luteia
22%
Marseille (France) Massilia
22%
Izmir (Turkey) Smyrna
22%
Jerusalem/Hierosolyma (Israel) Amelia Capitolina
11%
Cadiz (Spain) Gades
11%
Lyons (France) Lugdunum
11%
Milan (Italy) Mediolanum
11%
Nice (France) Nicaea
11%
Amman (Jordan) Philadelphia
11%
Black Sea Pontus Euxinus
11%
Constanta (Romania) Tomi
11%
Vienna (Austria) Vindobona
11%
Aix-en-Provence (France) Aquae Sextiae
0%
Orange (France) Arausio
0%
Trier (Germany) Augusta Treverorum
0%
Haran (Turkey) Carrhae
0%
Cartagena (Spain) Carthago Nova
0%
Colchester (Britain) Colonia Camulodunum
0%
Corfu (Greece) Corcyra
0%
York (Britian) Eburacum
0%
Merida (Spain) Emerita Augusta
0%
Gloucester (Britain) Glevum
0%
Bodrum (Turkey) Halicarnassus
0%
Dardanelles (Turkey) Hellespontus
0%
Ebro River (Spain) Hiberus
0%
Israel Jerusalem
0%
Naples (Italy) Neapolis
0%
Nimes (France) Nemausus
0%
Tripoli (Libya) Oea
0%
Lisbon (Portugal) Olisipo
0%
Po River (Italy) Padus
0%
Padua (Italy) Patavium
0%
Sea of Marmora Propontis
0%
Rhine River (Germany) Rhenus
0%
Rhone River (France) Rhodanus
0%
Seine River (France) Sequana
0%
Scotia (Bulgaria) Serdica
0%
Rass Dimas (Tunisia) Thapsus
0%
Tyre (Lebanon) Tyrus
0%
No matching quizzes found
Score Distribution
Percent of People with Each Score
Percentile by Number Answered
Your Score History
You have not taken this quiz